000 00809cam a22001935a 4500
001 L155504
008 120327s1813 xxk f 000 0 eng d
035 _a(Sirsi) u155504
041 0 _aeng
100 1 _aDavis, William
_d1771-1807
245 0 2 _aA treatise on land surveying by the chain, cross, and offset staffs
_bin four parts, also, a description of the plan and map meters. To which is added a supplement, containing methods by the plane table & Theodolite, and directions for conducting subterraneous surveys
250 _a5th ed.
260 _aLondon
_bAnne Davis
_c1813
300 _axx, 393 p., [10] folded leaves of plates
_bill., port
_c22 cm.
583 _aCondition reviewed
_c20120620
_lcondition level 2 and 4
651 4 _aGreat Britain
_y1707-
690 _aMeasurement
_96256
942 _n0
999 _c113615
_d113615